000 00662nem a22002177a 4500
005 20180803170239.0
008 160421b1987 ck ||||| |a|| 00| 0 spa d
040 _aCO-BoIAVH
_cCO-BoIAVH
041 _aspa
044 _ack
090 _aMC-
_b0026
100 1 _aVan Prahl, Henry
_966426
245 _aTrabajo modelo 1987 Estuarios, Manglares y sitios del Pacifico Colombiano
_h[Material Cartofrafico]
260 _aBogotá
_bIAvh
_c1987
300 _a1 mapa ;
_bColor
_c100 x 69 cm
650 4 _aPlayas arenoas
_zPacifico
_966427
650 4 _aManglares
_993259
700 1 _aR. Canter, Jaime
_966429
700 1 _aContreras, Rafael
_966430
942 _2z
_cMapa
999 _c18325
_d18325